00666nam a22002057a 450000500170000001000130001702000220003003500130005203700160006504000120008108200130009310000200010624501130012626000480023927000450028730000270033250000510035965000290041065000210043920170124110140.0 aA-861449 c00.00a8171009026 aA-861449 bCen Lib/Ret aDPLbEN a658bDAV aDave, Nalini V. aVedanta and management :cby Nalini V. Davebrelevance of Vedantic concepts in modern management practices / bDeep and Deep PublicationsaNew Delhic1997 bNew DelhiaF-159, Rajouri Gardene110027 axxiii,115p. c22cm(Hb) aIncludes bibliographical references and index  aManagement -- Philosophy aHindu philosophy